[Event "Regionalliga SW 0304"]
[Site "Bayern"]
[Date "2004.01.18"]
[Round "5.8"]
[White "Unseld, Rolf"]
[Black "Heinrich, Lorenz"]
[Result "0-1"]
[WhiteElo "1779"]
[BlackElo "1958"]
[PlyCount "58"]
[EventDate "2003.10.??"]
[EventType "team"]
[EventRounds "9"]
[EventCountry "GER"]
[SourceTitle "EXT 2006"]
[Source "ChessBase"]
[SourceDate "2005.11.24"]
[SourceVersion "1"]
[SourceVersionDate "2005.11.24"]
[SourceQuality "1"]
[WhiteTeam "Burlafingen"]
[BlackTeam "Klosterlechfeld"]
[WhiteTeamCountry "GER"]
[BlackTeamCountry "GER"]

1. e4 c5 2. d4 cxd4 3. c3 d3 4. Bxd3 d6 5. Nf3 Nf6 6. c4 e6 7. Nc3 Be7 8. 0-0 0-0 9. Qe2 a6 10. Rd1 Qc7 11. h3 Nbd7 12. Be3 b6 13. Rac1 Bb7 14. b4 Rfe8 15. Bf4 Rac8 16. Na4 Qb8 17. c5 e5 18. Bg5 dxc5 19. bxc5 b5 20. Bxf6 Nxf6 21. Nb2 Rxc5 22. Rxc5 Bxc5 23. a4 Re6 24. axb5 axb5 25. Bxb5 Nxe4 26. Na4 Bxf2+ 27. Kf1 Ng3+ 28. Kxf2 Nxe2 29. Kxe2 Bxf3+ 0-1

[Event "Regionalliga SW 0203"]
[Site "Bayern"]
[Date "2003.02.09"]
[Round "6.5"]
[White "Nussbaecher, Andreas"]
[Black "Heinrich, Lorenz"]
[Result "1-0"]
[WhiteElo "2129"]
[BlackElo "1982"]
[PlyCount "65"]
[EventDate "2002.10.20"]
[EventType "team"]
[EventRounds "9"]
[EventCountry "GER"]
[SourceTitle "EXT 2004"]
[Source "ChessBase"]
[SourceDate "2003.11.25"]
[SourceVersion "1"]
[SourceVersionDate "2003.11.25"]
[SourceQuality "1"]
[WhiteTeam "Muenchen 36"]
[BlackTeam "Klosterlechfeld"]
[WhiteTeamCountry "GER"]
[BlackTeamCountry "GER"]

1. d4 d6 2. c4 f5 3. g3 Nf6 4. Bg2 g6 5. Nc3 Bg7 6. e3 0-0 7. Nf3 c6 8. 0-0 Na6 9. Rb1 Nc7 10. b4 h6 11. a4 Qe8 12. b5 Bd7 13. Ba3 g5 14. bxc6 bxc6 15. Rb7 Rc8 16. Rxa7 f4 17. exf4 gxf4 18. Re1 Qf7 19. Qe2 fxg3 20. fxg3 Ng4 21. Bb2 Qxf3 22. Bxf3 Bxd4+ 23. Kg2 Nf2 24. Qxf2 Bh3+ 25. Kg1 Rxf3 26. Qxd4 Rcf8 27. Kh1 e5 28. Qg1 Ne6 29. Ne2 Nc5 30. Nf4 Bf5 31. Bxe5 dxe5 32. Qxc5 Be4 33. Rxe4 1-0

[Event "Regionalliga SW 0203"]
[Site "Bayern"]
[Date "2002.10.20"]
[Round "1.6"]
[White "Heinrich, Lorenz"]
[Black "Friedrich, Wolfgang"]
[Result "1/2-1/2"]
[WhiteElo "1989"]
[BlackElo "1880"]
[PlyCount "114"]
[EventDate "2002.10.20"]
[EventType "team"]
[EventRounds "9"]
[EventCountry "GER"]
[SourceTitle "EXT 2004"]
[Source "ChessBase"]
[SourceDate "2003.11.25"]
[SourceVersion "1"]
[SourceVersionDate "2003.11.25"]
[SourceQuality "1"]
[WhiteTeam "Klosterlechfeld"]
[BlackTeam "Bobingen"]
[WhiteTeamCountry "GER"]
[BlackTeamCountry "GER"]

1. e4 e6 2. d4 d5 3. exd5 exd5 4. Bd3 Nc6 5. Ne2 Bd6 6. c3 Nge7 7. Bf4 0-0 8. 0-0 Bg4 9. Bxd6 Qxd6 10. Na3 Rfe8 11. Re1 a6 12. Nc2 Ng6 13. Qd2 Bxe2 14. Rxe2 Rxe2 15. Bxe2 Re8 16. Re1 Qf4 17. Qxf4 Nxf4 18. Bf1 Rxe1 19. Nxe1 Ne7 20. g3 Ne6 21. Nd3 c6 22. Bh3 Nc8 23. Nc5 Nxc5 24. Bxc8 Na4 25. Bxb7 Nxb2 26. Bxc6 Nd1 27. Bxd5 Nxc3 28. Bc4 a5 29. f3 Nd1 30. Bb3 Nc3 31. Kf2 a4 32. Bc4 Kf8 33. Ke1 a3 34. Kd2 Na4 35. Kc2 Ke7 36. Kb3 Nb6 37. Bd3 Kd6 38. Be4 g6 39. Kxa3 f5 40. Bb7 Kc7 41. Ba6 Kc6 42. Kb4 Kd5 43. Ka5 Nd7 44. Bc8 Nf6 45. Kb6 Kxd4 46. Be6 Ke5 47. Bb3 Kd6 48. a4 Nd7+ 49. Kb5 Ne5 50. f4 Nf3 51. a5 Nd4+ 52. Ka4 Kc5 53. Bg8 h6 54. h4 Ne2 55. Bh7 Nxg3 56. Bxg6 Ne2 57. Bxf5 Nxf4 1/2-1/2

[Event "Regionalliga SW 0001"]
[Site "Bayern"]
[Date "2001.02.18"]
[Round "6.5"]
[White "Heinrich, Lorenz"]
[Black "Hosseini, Manouchehr"]
[Result "1-0"]
[WhiteElo "1985"]
[BlackElo "1980"]
[PlyCount "71"]
[EventDate "2000.10.15"]
[EventType "team-tourn"]
[EventRounds "9"]
[EventCountry "GER"]
[SourceTitle "EXT 2020"]
[Source "ChessBase"]
[SourceDate "2019.10.17"]
[SourceVersion "1"]
[SourceVersionDate "2019.10.17"]
[SourceQuality "1"]
[WhiteTeam "Klosterlechfeld"]
[BlackTeam "Muenchen 77 Nord"]
[WhiteTeamCountry "GER"]
[BlackTeamCountry "GER"]

1. e4 e5 2. Bc4 Nf6 3. Nc3 Bb4 4. Nf3 d6 5. d3 Nc6 6. 0-0 Bxc3 7. bxc3 Bg4 8. h3 Bh5 9. Re1 h6 10. Re3 Qe7 11. a4 0-0 12. g4 Bg6 13. Nh4 Bh7 14. Nf5 Bxf5 15. gxf5 Kh7 16. Rg3 g6 17. Bxf7 gxf5 18. Bg6+ Kh8 19. Bxf5 Rg8 20. Bxh6 Rxg3+ 21. fxg3 Rg8 22. Kh2 Qf7 23. Qf3 Ne7 24. Rf1 Nh5 25. g4 Ng7 26. Bd7 Qg6 27. Qf6 Qxf6 28. Rxf6 Rd8 29. Rf7 Rxd7 30. Rxg7 c6 31. g5 b5 32. a5 d5 33. g6 dxe4 34. Rh7+ Kg8 35. Rf7 exd3 36. Rf8# 1-0

[Event "Regionalliga SW 9900"]
[Site "Bayern"]
[Date "2000.??.??"]
[Round "4.3"]
[White "Heinrich, Lorenz"]
[Black "Geyer, Thomas"]
[Result "1-0"]
[WhiteElo "1985"]
[BlackElo "1774"]
[PlyCount "45"]
[EventDate "1999.??.??"]
[EventType "team-tourn"]
[EventRounds "9"]
[EventCountry "GER"]
[SourceTitle "EXT 2020"]
[Source "ChessBase"]
[SourceDate "2019.10.17"]
[SourceVersion "1"]
[SourceVersionDate "2019.10.17"]
[SourceQuality "1"]
[WhiteTeam "Klosterlechfeld"]
[BlackTeam "Pasing II"]
[WhiteTeamCountry "GER"]
[BlackTeamCountry "GER"]

1. e4 e6 2. d4 d5 3. Nd2 Nf6 4. e5 Nfd7 5. Bd3 c5 6. c3 Nc6 7. Ne2 cxd4 8. cxd4 f6 9. exf6 Nxf6 10. Nf3 Bd6 11. 0-0 0-0 12. Nc3 Qb6 13. Be3 a6 14. Ne5 Kh8 15. Na4 Qc7 16. f4 b5 17. Rc1 Bxe5 18. fxe5 bxa4 19. exf6 Rxf6 20. Qh5 g6 21. Qh6 Rxf1+ 22. Rxf1 Ne7 23. Rf7 1-0

[Event "Regionalliga SW 9900"]
[Site "Bayern"]
[Date "2000.??.??"]
[Round "6.3"]
[White "Heinrich, Lorenz"]
[Black "Schwarm, Gordon Charles"]
[Result "1-0"]
[WhiteElo "1985"]
[BlackElo "1965"]
[PlyCount "81"]
[EventDate "1999.??.??"]
[EventType "team-tourn"]
[EventRounds "9"]
[EventCountry "GER"]
[SourceTitle "EXT 2020"]
[Source "ChessBase"]
[SourceDate "2019.10.17"]
[SourceVersion "1"]
[SourceVersionDate "2019.10.17"]
[SourceQuality "1"]
[WhiteTeam "Klosterlechfeld"]
[BlackTeam "Noerdlingen"]
[WhiteTeamCountry "GER"]
[BlackTeamCountry "GER"]

1. e4 c6 2. Nc3 d5 3. Nf3 dxe4 4. Nxe4 Nf6 5. Nxf6+ exf6 6. d4 Be6 7. Bd3 Bd6 8. 0-0 Qa5 9. c4 Qh5 10. g3 0-0 11. Nh4 Qxd1 12. Rxd1 Rd8 13. b3 Bb4 14. Bb2 Nd7 15. Be4 Nb6 16. Rd3 Rd7 17. f4 Bg4 18. Bf5 Bxf5 19. Nxf5 Re8 20. Kf2 g6 21. Ne3 a5 22. Ng4 Re6 23. d5 Bc5+ 24. Kf3 Rd8 25. Rad1 cxd5 26. cxd5 Red6 27. Nxf6+ Kf8 28. Be5 h6 29. Bxd6+ Bxd6 30. Ne4 Bb4 31. Nd2 Nd7 32. Nc4 b5 33. Ne5 Nc5 34. Re3 Rd6 35. Nc6 f5 36. Nxb4 axb4 37. Rd4 Ne4 38. Re2 Kf7 39. Rc2 Nf6 40. Rc5 Ra6 41. Rc7+ 1-0

[Event "Regionalliga SW 9900"]
[Site "Bayern"]
[Date "1999.??.??"]
[Round "3.3"]
[White "Bucan, Djordje"]
[Black "Heinrich, Lorenz"]
[Result "1-0"]
[WhiteElo "2140"]
[BlackElo "1985"]
[PlyCount "41"]
[EventDate "1999.??.??"]
[EventType "team-tourn"]
[EventRounds "9"]
[EventCountry "GER"]
[SourceTitle "EXT 2020"]
[Source "ChessBase"]
[SourceDate "2019.10.17"]
[SourceVersion "1"]
[SourceVersionDate "2019.10.17"]
[SourceQuality "1"]
[WhiteTeam "Muenchen Suedost"]
[BlackTeam "Klosterlechfeld"]
[WhiteTeamCountry "GER"]
[BlackTeamCountry "GER"]

1. d4 d6 2. g3 g6 3. Bg2 Bg7 4. e4 e6 5. Ne2 Ne7 6. Nbc3 a6 7. Be3 b5 8. Qd2 h6 9. 0-0 Bb7 10. Rae1 Nd7 11. f4 Nf6 12. d5 exd5 13. Nxd5 Bxd5 14. exd5 0-0 15. h3 h5 16. f5 Qd7 17. Bg5 Kh7 18. Nd4 Nxf5 19. Nxf5 gxf5 20. Bxf6 Bxf6 21. Rxf5 1-0

[Event "Augsburg Afro op"]
[Site "Augsburg"]
[Date "1998.??.??"]
[Round "7"]
[White "Heinrich, Lorenz"]
[Black "Blasel, Hans Peter"]
[Result "1-0"]
[WhiteElo "1985"]
[BlackElo "1730"]
[PlyCount "67"]
[EventDate "1998.??.??"]
[EventType "swiss"]
[EventRounds "7"]
[EventCountry "GER"]
[SourceTitle "EXT 2004"]
[Source "ChessBase"]
[SourceDate "2003.11.25"]
[SourceVersion "1"]
[SourceVersionDate "2003.11.25"]
[SourceQuality "1"]

1. e4 e5 2. Bc4 Nf6 3. Nc3 Be7 4. f4 d6 5. Nf3 Nc6 6. d3 h6 7. 0-0 exf4 8. Bxf4 Bg4 9. h3 Bxf3 10. Qxf3 Ne5 11. Bxe5 dxe5 12. Nd5 c6 13. Ne3 Bc5 14. Kh2 Bxe3 15. Qxe3 0-0 16. Rf5 Qd6 17. Raf1 Kh7 18. Qg3 Rae8 19. Qh4 Ng8 20. Rxf7 Rxf7 21. Rxf7 Re7 22. Qg4 Rxf7 23. Bxf7 Qf6 24. Qf5+ Qxf5 25. Bxg8+ Kxg8 26. exf5 Kf7 27. g4 Kf6 28. Kg3 h5 29. b4 b5 30. c4 bxc4 31. dxc4 h4+ 32. Kf3 Ke7 33. Ke4 Kf6 34. b5 1-0